000 00795nas a2200253Ia 4500
001 R008/D0459
003 IT-RoPAU
008 151124c99999999xx |||||||||||| ||und||
040 _aIT-RoPAU
040 _cIT-RoPAU
041 _aITALIANO
100 _aDiana Mariolina
_gCodice Aut. SPICS: 23184
210 _aGARAGE
222 _aGarage
245 _aGARAGE, ANNO 02-N.03 (1995)
_bLuci Colori Superfici Nel Cinema di Kieslowski
250 _a1a ed.
260 _aTORINO
_bSCRIPTORIUM
_c1995
501 _bPaulus - SPICS - Società San Paolo EM (non-commercial uses only)
_cCopyright2015
300 _a9 p. [83-91]
362 _aANNO 002, N.03 (1995)
500 _aFilm Bianco Film Blu e Film Rosso di Krysztof Kieslowski.
650 _aCINEMA
_vPUBBLICAZIONE PERIODICA
942 _cCR
999 _c111468
_d111468